| 000 | 00644nam a2200205Ia 4500 | ||
|---|---|---|---|
| 003 | GCL | ||
| 008 | 140319s9999 xx 000 0 ara d | ||
| 040 |
_aGCL / _cGCL |
||
| 082 | 0 | 4 |
_a621.3843 _bا ت |
| 100 | 1 | _aفاروق محمد العامرى | |
| 245 | 1 | 0 |
_aالتلكس وكمبيوتر الاتصالات الدولية والالية / _cفاروق محمد العامرى |
| 700 | 1 | _aادوارد جورج حنا | |
| 260 |
_a[S.N] : _bدار الراتب الجامعية ، _c1987 |
||
| 300 | _a304 ص | ||
| 490 | _a | ||
| 650 | 0 | 4 | _aالتلكس |
| 650 | 0 | 4 | _aالتلغراف |
| 650 | 0 | 4 | _aالتليكس |
| 942 |
_2ddc _cBK |
||
| 999 |
_c50130 _d50130 |
||